000 01237nam a2200385 i 4500
001 35448
003 KOSZ 005
005 20240405063108.0
008 040526s2000 pl |000 0 pol d
040 _cKOSZ 005
_aKOSZ 005
_dKOSZ 005/HR
041 0 _apol
046 _k2000
080 _a331.56/.5(438)"1989/..."
080 _a338.48(438)"1989/..."
100 1 _aLegienis, Henryk
_d(1943- )
_eAutor
245 1 0 _aPowiaty i gminy zagrożone bezrobociem a ich potencjał turystyczny /
_cHenryk Legienis ; Instytut Turystyki.
260 _aWarszawa :
_bIT,
_c2000.
300 _a50 s. ;
_c30 cm.
380 _aKsiążki
388 _a1901-2000
388 _a1989-2000
500 _aSkoroszyt.
504 _aBibliogr.
648 7 _a1901-2000
648 7 _a1989-2000
650 7 _aBezrobocie
650 7 _aPowiaty
650 7 _aGminy
650 7 _aPotencjał turystyczny
651 _aPolska
658 _aGospodarka, ekonomia, finanse
856 _uhttp://koha.tu.koszalin.pl/cgi-bin/koha/opac-detail.pl?biblionumber=35448
_yKatalog online BPK
942 _cKS
_2UKD
999 _c35448
_d35448